15 principaux pays touchés par Covid-19 - 24 mai - Statistiques

Statistiques générales
  • Ce quiz a été pris 49 fois
  • Le résultat moyen est 12 sur 25
Statistiques - réponses
pays % Correct
Chine
100%
France
98%
Etats-Unis
93%
Allemagne
89%
Espagne
86%
Italie
86%
Russie
84%
Inde
77%
Royaume-Uni
75%
Canada
70%
Brésil
66%
Belgique
50%
Suède
48%
Suisse
43%
Irlande
39%
Turquie
36%
Iran
27%
Pérou
23%
Chili
18%
Arabie Saoudite
14%
Singapour
9%
Biélorussie
5%
Bahreïn
2%
Koweït
2%
Qatar
2%
Aucun quiz correspondant
Distribution des résultats
% des personnes avec chaque résultat
Percentile par nombre de réponses
Votre historique - résultats
Vous n’avez pas pris ce quiz